01039nam a2200217Ia 4500952009800000952011000098952011000208999001700318008004100335020001800376050002300394100003000417245005700447250001900504260003400523300001800557505014300575519006600718650003000784942000700814 00104070a18b18d2011-01-10l0oKGF1789 B85 2009p18 000732r2012-06-26t1w2012-06-26yLB 00104070a18b18d2011-01-11l4oKGF1789 B85 2009p18 000806r2018-02-12s2018-02-10t2w2012-06-26yLB 00104070a18b18d2011-09-05l2oKGF1789 B85 2009p18 001433r2023-10-05s2023-10-05t3w2012-06-26yLB c74173d74173120626s2009 mx 000 0 spa d a9789700767741 aKGF1789b B85 20091 aBuen L., Nestor deeautor10aDerecho procesal del trabajob / Néstor de Buen L. a19a. edición3 aMéxicob : Porrúac, 2009 a689 páginas aabreviaturas utilizadas Conceptos generales Teoría general del proceso laboral Reglas generales del proceso Los procedimientos laborales aMaterial Complementario / d(18 000732, 18 000806, 18 001433) 0aDERECHO LABORALzMÉXICO cLB